000
00317nam a2200145Ia 4500
005
20251222152620.0
008
251222s9999||||xx |||||||||||||| ||spa||
020
_a
8408010220
082
_a
813.54/G81
100
_a
Grisham, John
245
0
_a
El Cliente
250
_a
1ra. ed.
264
_b
Planeta
942
_c
LIB
999
_c
27317
_d
27317